| 000 | 00579nam a2200193 a 4500 | ||
|---|---|---|---|
| 005 | 20140310183443.0 | ||
| 008 | 080909s19uu xx 00 eng d | ||
| 020 | _a9780750667883 | ||
| 050 |
_aTK 5103.2 _b.R33 2007 |
||
| 100 | _aRackley, Steve | ||
| 245 |
_aWireless networking technology : _bfrom principles to successful inplementation. _cSteve Rackley |
||
| 260 |
_aAmsterdam : _bElsevier, _c2007. |
||
| 300 |
_a413 p. : _bill..; _c25 cm. |
||
| 521 | _aIT | ||
| 650 | _aComputer Studies. | ||
| 650 | _aWireless communication. | ||
| 942 |
_cBK _2lcc _kFOR |
||
| 999 |
_c23164 _d23164 |
||